00374nam a2200145Ia 450000100060000000800410000602000180004704000130006508200160007810000230009424500840011726000090020130000110021054600070022111172140331s9999 xx 000 0 und d a0-19-505790-2 cPK-LaUMT a 277bCAR-R aCarpenter, Joel A. aRevive us again : The reawkening of American fundamentalismcCarpenter, Joel A. c1997 a335 p. aEN